00573nam a2200193Ia 450000500170000000800410001702000150005804000180007304100080009108200220009910000200012124500590014125000120020026000470021230000240025965000360028365000280031965000320034720221118100857.0210716s1979 xx 000 0 und d a0876924178 cAIMIT LIBRARY aeng a621.392 21bMANM aMano, M Morris. aDigital logic and computer design /cBy M Morris Mano. a1st ed. aNew Delhi :bPHI Learning Pvt Ltd ,c1979. axii,612p. ;c23 cm. aBoolean algebra and logic gates aRegister transfer logic aDigital integrated circuits